<?xml version="1.0" encoding="UTF-8"?><?xml-stylesheet type="text/xsl" href="static/style.xsl"?><OAI-PMH xmlns="http://www.openarchives.org/OAI/2.0/" xmlns:xsi="http://www.w3.org/2001/XMLSchema-instance" xsi:schemaLocation="http://www.openarchives.org/OAI/2.0/ http://www.openarchives.org/OAI/2.0/OAI-PMH.xsd"><responseDate>2026-04-28T18:58:58Z</responseDate><request verb="GetRecord" identifier="oai:uvadoc.uva.es:10324/9802" metadataPrefix="marc">https://uvadoc.uva.es/oai/request</request><GetRecord><record><header><identifier>oai:uvadoc.uva.es:10324/9802</identifier><datestamp>2025-02-13T12:49:20Z</datestamp><setSpec>com_10324_7407</setSpec><setSpec>com_10324_5186</setSpec><setSpec>com_10324_29291</setSpec><setSpec>col_10324_7421</setSpec></header><metadata><record xmlns="http://www.loc.gov/MARC21/slim" xmlns:doc="http://www.lyncode.com/xoai" xmlns:xsi="http://www.w3.org/2001/XMLSchema-instance" xmlns:dcterms="http://purl.org/dc/terms/" xsi:schemaLocation="http://www.loc.gov/MARC21/slim http://www.loc.gov/standards/marcxml/schema/MARC21slim.xsd">
<leader>00925njm 22002777a 4500</leader>
<datafield tag="042" ind1=" " ind2=" ">
<subfield code="a">dc</subfield>
</datafield>
<datafield tag="720" ind1=" " ind2=" ">
<subfield code="a">Hernández Guerra, Liborio</subfield>
<subfield code="e">author</subfield>
</datafield>
<datafield tag="260" ind1=" " ind2=" ">
<subfield code="c">2011</subfield>
</datafield>
<datafield tag="520" ind1=" " ind2=" ">
<subfield code="a">La diosa Epona, diosa protectora de los équidos, de la fertilidad y de la naturaleza, es una de las principales deidades del mundo celta. Sus seguidores estaban en todos los estamentos sociales y, además de venerados por la caballería y el ejército, era también una divinidad doméstica, que presidía la cría de caballos y adorada, en general, como diosa de la abundancia y la prosperidad.</subfield>
</datafield>
<datafield tag="520" ind1=" " ind2=" ">
<subfield code="a">The goddess Epona, goddess protector of horses, fertility and nature, is one of the main deities of the Celtic world. His followers were in all walks of life and well revered by the cavalry and the military, was also a domestic divinity, who presided over the raising of horses and adored, in general, as goddess of wealth and prosperity.</subfield>
</datafield>
<datafield tag="024" ind2=" " ind1="8">
<subfield code="a">Hispania antiqua, 2011, N.35, pags.247-260</subfield>
</datafield>
<datafield tag="024" ind2=" " ind1="8">
<subfield code="a">1130-0515</subfield>
</datafield>
<datafield tag="024" ind2=" " ind1="8">
<subfield code="a">http://uvadoc.uva.es/handle/10324/9802</subfield>
</datafield>
<datafield tag="024" ind2=" " ind1="8">
<subfield code="a">247</subfield>
</datafield>
<datafield tag="024" ind2=" " ind1="8">
<subfield code="a">35</subfield>
</datafield>
<datafield tag="024" ind2=" " ind1="8">
<subfield code="a">260</subfield>
</datafield>
<datafield tag="024" ind2=" " ind1="8">
<subfield code="a">Hispania antiqua</subfield>
</datafield>
<datafield ind1=" " ind2=" " tag="653">
<subfield code="a">España-Historia</subfield>
</datafield>
<datafield ind1=" " ind2=" " tag="653">
<subfield code="a">Historia Antigua</subfield>
</datafield>
<datafield tag="245" ind1="0" ind2="0">
<subfield code="a">La diosa Epona en la Península Ibérica: una revisión crítica</subfield>
</datafield>
</record></metadata></record></GetRecord></OAI-PMH>